Religion and the modern mind /

Bibliographic Details
Main Author: Cooper, Charles Champlin, 1874-
Format: Book
Language:English
Published: New York : Harper, 1929.
Subjects:

MARC

Tag First Indicator Second Indicator Subfields
LEADER 00000cam a2200000 4500
001 in00000061871
005 20151008051059.0
008 761210s1929 nyu 00010 engm
010 |a  29025337  
035 |a (OCoLC)02612863 
035 |9 AAG5578AM 
040 |a DLC  |c FXG  |d FXG  |d TXA  |d UtOrBLW 
049 |a TXAM  |c [48633] 
050 0 0 |a BL48  |b .C6 
092 |a 204  |b C776r 
100 1 |a Cooper, Charles Champlin,  |d 1874- 
245 1 0 |a Religion and the modern mind /  |c edited by Charles C. Cooper. 
264 1 |a New York :  |b Harper,  |c 1929. 
300 |a vi, 227 pages ;  |c 20 cm. 
336 |a text  |b txt  |2 rdacontent 
337 |a unmediated  |b n  |2 rdamedia 
338 |a volume  |b nc  |2 rdacarrier 
505 0 |a An adventure in religion, by C. C. Cooper.--Religion from the standpoint of agnosticism, by H. E. Barnes.--Religion from the standpoint of science, by H. D. Curtis.--Religion from the standpoint of psychology, by E. S. Ames.--Religion from the standpoint of philosophy, by M. R. Gabbert.--Religion from the standpoint of the ethical culture movement, by J. L. Elliott.--Religion from the standpoint of Judaism, by S. H. Goldenson.--Religion from the standpoint of Christianity, by F. J. McConnell. 
650 0 |a Religion. 
999 |a MARS 
999 f f |s e87d432b-4933-3058-b170-822301a9d5af  |i 1b347bd0-8b7d-32ea-a17a-b2925dec7a2c  |t 0 
952 f f |p ric  |a Texas A&M University  |b Rellis Campus  |c Joint Library Facility  |d Remote Storage  |t 0  |e BL48 .C6  |h Library of Congress classification  |i unmediated -- volume  |m A14800598911 
998 f f |a BL48 .C6  |t 0  |l Remote Storage